000 00605nam a2200193 a 4500
001 000442715
003 AM-YEHGA
005 20250617164214.0
008 050602s1962 ||||||||||||||||||||rus d
040 _aAM-YeHGA
041 0 _arus
100 1 _aПетров, Прокопий Устинович.
245 1 0 _aСтепан Аржаков /
_cП.У. Петров.
260 _aЯкутск :
_bЯкутское кн. изд-во,
_c1962.
300 _a60 с.
600 1 4 _aАржаков, Степан
650 1 4 _aИстория Коммунистической партии
090 _c523209
999 _c519647
_d519647